Distribution par images - Musée haut, musée bas - Statistiques

Statistiques générales
  • Ce quiz a été pris 24 fois
  • Le résultat moyen est 7 sur 9
Statistiques - réponses
Par images Hint Réponse % Correct
Dame cherchant Kandinsky Muriel Robin
100%
Roland Province Gérard Jugnot
96%
Valérie Valérie Lemercier
91%
Josiane Balasko
87%
Mosk Michel Blanc
87%
Gardien Fabrice Luchini
83%
Ministre André Dussolier
70%
Maurice Bagnole Daniel Prévost
61%
Carole Province Isabelle Carré
39%
Aucun quiz correspondant
Distribution des résultats
% des personnes avec chaque résultat
Percentile par nombre de réponses
Votre historique - résultats
Vous n’avez pas pris ce quiz